Media and peace in the Middle East : (Record no. 2164)

MARC details
000 -LEADER
fixed length control field 00633nam a22002057a 4500
003 - CONTROL NUMBER IDENTIFIER
control field BD-DhJNU
005 - DATE AND TIME OF LATEST TRANSACTION
control field 20250924083808.0
008 - FIXED-LENGTH DATA ELEMENTS--GENERAL INFORMATION
fixed length control field 250924b |||||||| |||| 00| 0 eng d
020 ## - INTERNATIONAL STANDARD BOOK NUMBER
International Standard Book Number 9781349700059
020 ## - INTERNATIONAL STANDARD BOOK NUMBER
International Standard Book Number 9781137504012
040 ## - CATALOGING SOURCE
Original cataloging agency BD-DhJNU
Language of cataloging ENG
Transcribing agency BD-DhJNU
Modifying agency BD-DhJNU
082 ## - DEWEY DECIMAL CLASSIFICATION NUMBER
Edition number 23
Classification number 956.94054
100 ## - MAIN ENTRY--PERSONAL NAME
Personal name Tiripelli, Giuliana
245 ## - TITLE STATEMENT
Title Media and peace in the Middle East :
Remainder of title the role of journalism in Israel-Palestine /
Statement of responsibility, etc. Giuliana Tiripelli
260 ## - PUBLICATION, DISTRIBUTION, ETC.
Place of publication, distribution, etc. South Africa :
Name of publisher, distributor, etc. Palgrave Macmillan,
Date of publication, distribution, etc. 2016.
300 ## - PHYSICAL DESCRIPTION
Extent xii, 191 p. :
Dimensions 22 cm.
504 ## - BIBLIOGRAPHY, ETC. NOTE
Bibliography, etc. note includes index
650 ## - SUBJECT ADDED ENTRY--TOPICAL TERM
Topical term or geographic name entry element Journalism
942 ## - ADDED ENTRY ELEMENTS (KOHA)
Source of classification or shelving scheme Dewey Decimal Classification
Koha item type Books
Suppress in OPAC No
Holdings
Withdrawn status Lost status Source of classification or shelving scheme Damaged status Not for loan Collection Home library Current library Shelving location Date acquired Source of acquisition Total checkouts Full call number Barcode Date last seen Copy number Price effective from Koha item type
    Dewey Decimal Classification     Non-fiction Jagannath University Central Library Jagannath University Central Library General stacks 09/24/2025 Purchased   956.94054 TIM JNUCL35750 09/24/2025 1 09/24/2025 Books
    Dewey Decimal Classification     Non-fiction Jagannath University Central Library Jagannath University Central Library General stacks 09/24/2025 Purchased   956.94054 TIM JNUCL35751 09/24/2025 2 09/24/2025 Books